Numerical analysis : (Record no. 40066)

MARC details
000 -LEADER
fixed length control field 00775nam a22002297a 4500
005 - DATE AND TIME OF LATEST TRANSACTION
control field 2010080701511.0
010 ## - LCCN (DPL NO)
LC control number ENG-98793
020 ## - INTERNATIONAL STANDARD BOOK NUMBER
International Standard Book Number 9380060807
Terms of availability 180.00
035 ## - SYSTEM CONTROL NUMBER
System control number EN-82325
037 ## - SOURCE OF ACQUISITION
Source of stock number/acquisition DBAD/PUB
082 ## - DEWEY DECIMAL CLASSIFICATION NUMBER
Classification number 519.4
100 ## - MAIN ENTRY--PERSONAL NAME
Personal name Baskar, S.
245 ## - TITLE STATEMENT
Title Numerical analysis :
Statement of responsibility, etc by S. Baskar
Remainder of title for B.E/B.Tech student /
260 ## - PUBLICATION, DISTRIBUTION, ETC. (IMPRINT)
Place of publication, distribution, etc salem
Name of publisher, distributor, etc M.S.K Publications
Date of publication, distribution, etc 2009
270 ## - ADDRESS
Address 3/189-E,Athanoor Ammaan Kovi St.,Masinayaganpatti
City salem
300 v# - PHYSICAL DESCRIPTION
Extent 120p.:
Dimensions 23cm (pbk)
Other physical details ill.
650 ## - SUBJECT ADDED ENTRY--TOPICAL TERM
Topical term or geographic name as entry element Numerical Analysis
700 ## - ADDED ENTRY--PERSONAL NAME
9 (RLIN) 8297
700 ## - ADDED ENTRY--PERSONAL NAME
9 (RLIN) 8298
942 ## - ADDED ENTRY ELEMENTS (KOHA)
Source of classification or shelving scheme Dewey Decimal Classification
Item type English Books
Classification part 519.4
Call number suffix BAS
Holdings
Withdrawn status Lost status Not for loan Collection code Home library Current library Date acquired Source of acquisition Cost, normal purchase price Full call number Barcode Copy number Cost, replacement price Koha item type
    Not For Loan Non-fiction D.B.Act.Division D.B.Act.Division 07/08/2010 DBAD/PUB 180.00 519.4 BAS EN-82325 1 180.00 English Books

© Delhi Public Library
Hit Counter
free hit counter